North America industrial real estate highlights (Record no. 109317)

MARC details
000 -LEADER
fixed length control field 01159cad a22002415a 4500
001 - CONTROL NUMBER
control field L146858
008 - FIXED-LENGTH DATA ELEMENTS--GENERAL INFORMATION
fixed length control field 090304s2009 xxuad f s 000 0 eng d
035 ## - SYSTEM CONTROL NUMBER
System control number (Sirsi) u146858
041 0# - LANGUAGE CODE
Language code of text/sound track or separate title eng
050 04 - LIBRARY OF CONGRESS CALL NUMBER
Classification number 333.33 $2 18
110 2# - MAIN ENTRY--CORPORATE NAME
Corporate name or jurisdiction name as entry element Colliers International Property Consultants
9 (RLIN) 1881
245 00 - TITLE STATEMENT
Title North America industrial real estate highlights
Remainder of title fourth quarter 2008
Medium [electronic resource]
260 ## - PUBLICATION, DISTRIBUTION, ETC.
Place of publication, distribution, etc. [S.l.]
Name of publisher, distributor, etc. Colliers
Date of publication, distribution, etc. [2009]
490 #0 - SERIES STATEMENT
Series statement North America Industrial Real Estate Highlights
Volume/sequential designation Fourth Quarter 2008
520 ## - SUMMARY, ETC.
Summary, etc. Reveals that the industrial market registered its weakest quarter since early 2002. Overall, vacancy rates rose 0.40% from the previous quarter, turning absorption sharply negative in the fourth quarter 2008. Asking rents for warehousing and distribution units fell 1.5% from the previous quarter.
521 ## - TARGET AUDIENCE NOTE
Target audience note Advanced
590 ## - LOCAL NOTE (RLIN)
Local note KA
650 24 - SUBJECT ADDED ENTRY--TOPICAL TERM
Topical term or geographic name entry element COLLIERS GLOBAL INDUSTRIAL REAL ESTATE HIGHLIGHTS
651 #4 - SUBJECT ADDED ENTRY--GEOGRAPHIC NAME
Geographic name United States
Chronological subdivision 1959-
690 ## - LOCAL SUBJECT ADDED ENTRY--TOPICAL TERM (OCLC, RLIN)
Topical term or geographic name as entry element PROPERTY-COMMERCIAL PROPERTY-COMMERCIAL PROPERTY MARKET
856 40 - ELECTRONIC LOCATION AND ACCESS
Uniform Resource Identifier <a href="https://www.colliers.com/">https://www.colliers.com/</a>
Public note View the report free of charge at www.colliers.com...
942 ## - ADDED ENTRY ELEMENTS (KOHA)
Suppress in OPAC 0
Holdings
Withdrawn status Lost status Source of classification or shelving scheme Damaged status Not for loan Home library Current library Shelving location Date acquired Total Checkouts Full call number Barcode Date last seen Copy number Price effective from Koha item type
    Dewey Decimal Classification     Virtual Virtual Online 04/03/2009   ONLINE PUBLICATION 146858-2001 06/08/2019 1 06/08/2019 Book